Retos del plan nacional de desarrollo 2006-2010 : (Registro nro. 11621)

Detalles MARC
000 -LEADER
fixed length control field 01241nam a2200289 4500
001 - CONTROL NUMBER
control field 0000023266
003 - CONTROL NUMBER IDENTIFIER
control field CO-CtgCURN
005 - DATE AND TIME OF LATEST TRANSACTION
control field 20250329191028.0
007 - PHYSICAL DESCRIPTION FIXED FIELD--GENERAL INFORMATION
fixed length control field ta
008 - FIXED-LENGTH DATA ELEMENTS--GENERAL INFORMATION
fixed length control field 160627s2007 000 0 eng d
020 ## - INTERNATIONAL STANDARD BOOK NUMBER
International Standard Book Number 9789589750254
040 ## - CATALOGING SOURCE
Original cataloging agency CO-CtgCURN
Language of cataloging spa
Transcribing agency coctgcurn
082 0# - DEWEY DECIMAL CLASSIFICATION NUMBER
Classification number 320.4
Item number C657r
110 2# - MAIN ENTRY--CORPORATE NAME
Corporate name or jurisdiction name as entry element Colombia. Consejo Nacional de Planeacion.
245 10 - TITLE STATEMENT
Title Retos del plan nacional de desarrollo 2006-2010 :
Remainder of title estado comunitario desarrollo para todos /
Statement of responsibility, etc. Consejo Nacional de Planeacion.
260 ## - PUBLICATION, DISTRIBUTION, ETC.
Place of publication, distribution, etc. [Bogotá] :
Name of publisher, distributor, etc. Consejo Nacional de Planeacion,
Date of publication, distribution, etc. 2007.
300 ## - PHYSICAL DESCRIPTION
Extent 283 p.
336 ## - CONTENT TYPE
Source rdacontent
337 ## - MEDIA TYPE
Source rdamedia
Media type term sin mediacion
Media type code n
338 ## - CARRIER TYPE
Source rdacarrier
Carrier type term volumen
Carrier type code nc
500 ## - GENERAL NOTE
General note Incluye anexos.
505 8# - FORMATTED CONTENTS NOTE
Formatted contents note Estado comunitario: desarrollo para todos.--Política de defensa y seguridad democratica.--Reducción de la pobreza y promocion de la equidad.--Crecimiento economico.--Un mejor estado.--Dimensiones transversales.--Una gestion ambiental que promueva el desarrollo sostenible.--Plan plurianual de inversiones
650 14 - SUBJECT ADDED ENTRY--TOPICAL TERM
Topical term or geographic name entry element Derechos de la mujer.
908 ## - PUT COMMAND PARAMETER (RLIN)
Put command parameter 160627
942 ## - ADDED ENTRY ELEMENTS (KOHA)
Koha item type Libros
Classification part 320.4
Item part C657r
Source of classification or shelving scheme Dewey Decimal Classification
Existencias
Withdrawn status Lost status Source of classification or shelving scheme Damaged status Not for loan Collection Home library Current library Shelving location Date acquired Inventory number Total checkouts Full call number Barcode Date last seen Price effective from Koha item type Public note
    Dewey Decimal Classification     General Miguel Henríquez Castañeda Miguel Henríquez Castañeda General 03/29/2025 012768   320.4 C657r 012768 03/29/2025 03/29/2025 Libros 320-CIENPO